| 000 -LEADER |
| fixed length control field |
01219nam a22002057a 4500 |
| 005 - DATE AND TIME OF LATEST TRANSACTION |
| control field |
20230928112353.0 |
| 008 - FIXED-LENGTH DATA ELEMENTS--GENERAL INFORMATION |
| fixed length control field |
230928s1974 fr ||||| |||| 00| 0 fre d |
| 041 ## - LANGUAGE CODE |
| Language code of text/sound track or separate title |
fre |
| 080 ## - UNIVERSAL DECIMAL CLASSIFICATION NUMBER |
| Universal Decimal Classification number |
069 L-44 |
| 245 ## - TITLE STATEMENT |
| Title |
Le portrait romain : |
| Remainder of title |
Album et catalogue illustré de toute la collection / |
| Statement of responsibility, etc. |
Musée de l'Ermitage; avant-propos et texte de A. Vostchinina; version française de T. Gourévitch; photographies de V. Strékalov. |
| 264 ## - PRODUCTION, PUBLICATION, DISTRIBUTION, MANUFACTURE, AND COPYRIGHT NOTICE |
| Place of production, publication, distribution, manufacture |
Léningrad : |
| Name of producer, publisher, distributor, manufacturer |
Éditions d'art Aurore, |
| Date of production, publication, distribution, manufacture, or copyright notice |
1974. |
| 300 ## - PHYSICAL DESCRIPTION |
| Extent |
214 p. : |
| Other physical details |
ill., |
| Dimensions |
30 cm. |
| 500 ## - GENERAL NOTE |
| General note |
დამატებითი თავფურცელი რუსულ ენაზე. |
| 505 ## - FORMATTED CONTENTS NOTE |
| Formatted contents note |
ტექსტი ფრანგულ და რუსულ ენებზე. |
| 522 ## - GEOGRAPHIC COVERAGE NOTE |
| Geographic coverage note |
ბიბლიოგრაფია: გვ. 210-211 და ტექსტის შენიშვნებში. |
| 653 ## - INDEX TERM--UNCONTROLLED |
| keyword |
ძველი რომაული პორტრეტები |
| 653 ## - INDEX TERM--UNCONTROLLED |
| keyword |
ძველი რომაული ქანდაკება |
| 653 ## - INDEX TERM--UNCONTROLLED |
| keyword |
ილუსტრაციების ალბომები. ერმიტაჟის სკულპტურის კოლექციები. |
| 942 ## - ADDED ENTRY ELEMENTS (KOHA) |
| Source of classification or shelving scheme |
|
| Koha item type |
წიგნი |